Čerpanie prostriedkov z fondov EÚ a ich vplyv na rozvoj regiónov Slovenska bakalárska práca

Na minha lista:
Detalhes bibliográficos
Autor principal: Tkáčová, Dominika
Autor Corporativo: Fakulta podnikového manažmentu EU. Katedra podnikovohospodárska
Outros Autores: Bukovová, Sylvia, 1959-
Formato: Livro
Idioma:eslovaco
Publicado em: Bratislava 2009
Tags: Adicionar Tag
Sem tags, seja o primeiro a adicionar uma tag!

MARC

LEADER 00000nam$a2200000$$$4500
001 0102191
005 20240319130020.1
041 0 |a slo 
044 |a SK 
245 1 0 |a Čerpanie prostriedkov z fondov EÚ a ich vplyv na rozvoj regiónov Slovenska  |b bakalárska práca  |c Dominika Tkáčová ; škol. Sylvia Bukovová 
264 1 |a Bratislava  |c 2009 
300 |a 37 s. 
100 1 |a Tkáčová, Dominika 
700 1 |a Bukovová, Sylvia, 1959- 
710 2 |a Fakulta podnikového manažmentu EU. Katedra podnikovohospodárska